Design AIDS and examples : (Record no. 23922)

MARC details
000 -LEADER
fixed length control field 02157nam a22002655a 4500
005 - DATE AND TIME OF LATEST TRANSACTION
control field 20170114122610.0
008 - FIXED-LENGTH DATA ELEMENTS--GENERAL INFORMATION
fixed length control field 160216s2015 ua a frb f000 0 eng d
040 ## - CATALOGING SOURCE
Original cataloging agency EG-ScBUE
Language of cataloging eng
Transcribing agency EG-ScBUE
043 ## - GEOGRAPHIC AREA CODE
Geographic area code f-ua---
082 04 - DEWEY DECIMAL CLASSIFICATION NUMBER
Classification number 624.18210962
Item number EGY
Edition number 22
110 1# - MAIN ENTRY--CORPORATE NAME
Corporate name or jurisdiction name as entry element Egypt.
Subordinate unit Ministry of Housing, Utilities and Urban Development.
-- Housing and Building National Research Center.
9 (RLIN) 39365
245 10 - TITLE STATEMENT
Title Design AIDS and examples :
Remainder of title in accordance with the Egyptain code for design and construction of concrete structures ECP 203 - 2007 : limit states design method of concrete structures = مساعدات التصميم مع أمثلة : طبقا للكود المصري لتصميم وتنفيذ المنشآت الخرسانية كود 203 - 2007 : تصميم العناصر الخرسانية بطريقة الحدود القصوى /
Statement of responsibility, etc [prepared by] Housing and Building National Research Center, Ministry of Housing, Utilities and Urban Development and Permanent committee for the code of practice for steel construction and bridges.
246 31 - VARYING FORM OF TITLE
Title proper/short title مساعدات التصميم مع أمثلة : طبقا للكود المصري لتصميم وتنفيذ المنشآت الخرسانية كود 203 - 2007 : تصميم العناصر الخرسانية بطريقة الحدود القصوى
246 34 - VARYING FORM OF TITLE
Title proper/short title مساعدات التصميم مع أمثلة : تصميم العناصر الخرسانية بطريقة الحدود القصوى طبقا للكود المصري لتصميم وتنفيذ المنشآت الخرسانية كود 203 - 2007
260 ## - PUBLICATION, DISTRIBUTION, ETC. (IMPRINT)
Place of publication, distribution, etc [Cairo] :
Name of publisher, distributor, etc Ministry of Housing, Utilities and Urban Development, Housing and Building National Research Center,
Date of publication, distribution, etc 2015.
300 ## - PHYSICAL DESCRIPTION
Extent 2 v. :
Other physical details ill. ;
Dimensions 29 cm.
500 ## - GENERAL NOTE
General note Part 1, Issuing 2009 - Part 2, Issuing 2011 and 2 parts printed 2015.
504 ## - BIBLIOGRAPHY, ETC. NOTE
Bibliography, etc Includes bibliographical references.
650 #0 - SUBJECT ADDED ENTRY--TOPICAL TERM
Topical term or geographic name as entry element Steel, Structural.
Geographic subdivision Egypt.
Source of heading or term BUEsh
9 (RLIN) 7133
650 #0 - SUBJECT ADDED ENTRY--TOPICAL TERM
Topical term or geographic name as entry element Building, Iron and steel.
Geographic subdivision Egypt.
Source of heading or term BUEsh
9 (RLIN) 3189
651 ## - SUBJECT ADDED ENTRY--GEOGRAPHIC NAME
Source of heading or term BUEsh
653 ## - INDEX TERM--UNCONTROLLED
Resource For college Engineering, General
-- Engineering, Architecture
Arrived date list January2017
710 2# - ADDED ENTRY--CORPORATE NAME
Corporate name or jurisdiction name as entry element Permanent committee for the code of practice for steel construction and bridges
942 ## - ADDED ENTRY ELEMENTS (KOHA)
Source of classification or shelving scheme Dewey Decimal Classification
Holdings
Withdrawn status Item status Source of classification or shelving scheme Damaged status Not for loan Vendor Home library Current library Shelving location Date acquired Source of acquisition Cost, normal purchase price Serial Enumeration / chronology Total Checkouts Full call number Barcode Date last seen Cost, replacement price Koha item type Public note
    Dewey Decimal Classification       Central Library Central Library First floor 14/01/2017 Purchase 70.00 6125   624.18210962 EGY 000040928 15/07/2025 87.50 NB - Book (Non borrowing) VOL. 1.
    Dewey Decimal Classification       Central Library Central Library First floor 14/01/2017 Purchase 70.00 6125   624.18210962 EGY 000040929 15/07/2025 87.50 NB - Book (Non borrowing) VOL. 2.